ՀՀ Գիտությունների ազգային ակադեմիայի հիմնարար գիտական գրադարան  =   Fundamental Scientific Library of NAS RA

Блудный сын / (Record no. 203188)

MARC details
000 -LEADER
fixed length control field 00940nam a2200241 u 4500
001 - CONTROL NUMBER
control field 000609217
003 - CONTROL NUMBER IDENTIFIER
control field AM-YeHGA
005 - DATE AND TIME OF LATEST TRANSACTION
control field 20250618073016.0
008 - FIXED-LENGTH DATA ELEMENTS--GENERAL INFORMATION
fixed length control field 081103s1938 ru a r 000 0 rus d
040 ## - CATALOGING SOURCE
Original cataloging agency AM-YeHGA
041 1# - LANGUAGE CODE
Language code of text/sound track or separate title rus
Language code of original ger
090 ## - LOCALLY ASSIGNED LC-TYPE CALL NUMBER (OCLC); LOCAL CALL NUMBER (RLIN)
-- 204682
100 1# - MAIN ENTRY--PERSONAL NAME
Personal name Реглер, Густав
245 10 - TITLE STATEMENT
Title Блудный сын /
Statement of responsibility, etc. Г. Реглер ; Перевод с немецкого И.А. Горкина и И.А. Горкиной ; Послесл. Н. Гарина.
260 ## - PUBLICATION, DISTRIBUTION, ETC.
Place of publication, distribution, etc. Москва :
Name of publisher, distributor, etc. Художественная литература,
Date of publication, distribution, etc. 1938.
300 ## - PHYSICAL DESCRIPTION
Extent 344 с., [1] л. илл.
440 #0 - SERIES STATEMENT/ADDED ENTRY--TITLE
Title Всемирная библиотека
534 ## - ORIGINAL VERSION NOTE
Introductory phrase Оригинальная версия:
Title statement of original Der verlorene Sohn
Publication, distribution, etc. of original 1933
650 14 - SUBJECT ADDED ENTRY--TOPICAL TERM
Topical term or geographic name entry element Գերմանական գրականություն
9 (RLIN) 5149
700 1# - ADDED ENTRY--PERSONAL NAME
Personal name Горкин, И.А.
Relationship trl
700 1# - ADDED ENTRY--PERSONAL NAME
Personal name Горкина, И.А
Relationship trl
700 1# - ADDED ENTRY--PERSONAL NAME
Personal name Гарин, Н.
Relationship aui
Holdings
Withdrawn status Lost status Damaged status Not for loan Collection Home library Current library Date acquired Total checkouts Full call number Barcode Date last seen Price effective from Koha item type Public note
        General Fundamental Scientific Library Fundamental Scientific Library 28/12/2016   РД I/2613 FL0357361 28/12/2016 28/12/2016 Գրքեր / Books 30 Days Loan


ՀՀ ԳԱԱ հիմնարար գիտական գրադարան
ՀՀ,Երևան 0019
Մարշալ Բաղրամյան 24/6
հեռախոս:(374-10) 52-47-50
Հետադարձ կապ

All site content, except where otherwise noted, is licensed under a
Creative Commons License